000 00380nam a22001697a 4500
005 20240319134638.0
020 _a9789355010865
041 _aEnglish
082 _a530 Q11 ARO
100 _aArora.C.L
245 _aRefresher Course in Physics Volume-III
250 _a1
260 _aNew Delhi
_bS.Chand & Company
_c2011
300 _a330
365 _b499.00
942 _cBK
999 _c172544
_d172544